| 000 | 00000nam 2200000zi 4500 |
| 001 | 9.931445 |
| 003 | CaOODSP |
| 005 | 20231213164107 |
| 006 | m o d f |
| 007 | cr bn||||||||| |
| 008 | 231213s2023 onc ol f000 0 fre d |
| 040 | |aCaOODSP|bfre|erda|cCaOODSP |
| 041 | 0 |aeng|afre |
| 043 | |an-cn--- |
| 086 | 1 |aXB441-56/3-PDF |
| 110 | 1 |aCanada. |bParlement. |bChambre des communes, |eorganisme de publication. |
| 245 | 13|aAn Act to amend the Excise Tax Act and the Competition Act = |bLoi modifiant la Loi sur la taxe d'accise et la Loi sur la concurrence. |
| 246 | 31|aLoi modifiant la Loi sur la taxe d'accise et la Loi sur la concurrence |
| 246 | 1 |iTitre abrégé : |aLoi sur le logement et l'épicerie à prix abordable |
| 264 | 1|a[Ottawa] : |bHouse of Commons of Canada = Chambre des communes du Canada, |c2023. |
| 300 | |a1 ressource en ligne (ii, 9 pages). |
| 336 | |atexte|btxt|2rdacontent/fre |
| 337 | |ainformatique|bc|2rdamedia/fre |
| 338 | |aressource en ligne|bcr|2rdacarrier/fre |
| 490 | 1 |aProjet de loi C-... ; |vProjet de loi C-56, 1re session, 44e législature |
| 500 | |a« Première session, quarante-quatrième législature, 70-71 Elizabeth II - 1 Charles III, 2021-2022-2023. » |
| 500 | |a« Adopté par la Chambre des communes le 11 décembre 2023. » |
| 520 | |a« La partie 1 modifie la Loi sur la taxe d’accise afin de mettre en Ĺ“uvre une bonification temporaire du Remboursement de la TPS pour immeubles d’habitation locatifs neufs relativement aux logements neufs construits spécialement pour la location. La partie 2 modifie la Loi sur la concurrence pour, notamment : a) établir un cadre permettant qu’une enquête soit menée sur l’état de concurrence dans un marché ou une industrie; b) permettre au Tribunal de la concurrence de rendre certaines ordonnances même si les parties à un accord ou à un arrangement — dont l’un des objets importants est d’empêcher ou de diminuer la concurrence dans un marché — ne sont pas des concurrents; c) abroger les exceptions prévues aux articles 90.1 et 96 de la Loi relativement aux gains en efficience » -- Sommaire, page ii. |
| 546 | |aTexte en anglais et en français. |
| 610 | 16|aCanada. |tLoi sur la taxe d'accise. |
| 610 | 16|aCanada. |tLoi sur la concurrence. |
| 650 | 6|aLogement locatif|xImpôts|xDroit|zCanada|vLégislation. |
| 650 | 6|aImpôt|xDégrèvement|xDroit|zCanada|vLégislation. |
| 650 | 6|aConcurrence déloyale|zCanada|vLégislation. |
| 650 | 6|aEntreprises|xFusion|xDroit|zCanada|vLégislation. |
| 655 | 7|aProjets de loi|2rvmgf |
| 791 | |tAn Act to amend the Excise Tax Act and the Competition Act = |eeng|w(CaOODSP)9.931443 |
| 830 | #0|aProjet de loi C-...|vProjet de loi C-56, 1re session, 44e législature.|w(CaOODSP)9.500660 |
| 856 | 40|qPDF|s245 Ko|uhttps://publications.gc.ca/collections/collection_2023/parl/XB441-56-3.pdf |
| 856 | 4 |qHTML|sS.O.|uhttps://www.parl.ca/documentviewer/fr/44-1/projet-loi/C-56/troisieme-lecture?col=2 |
| 986 | |a91179 |